000
00329nam a2200121 a 4500
001
4140
005
20140414131956.0
008
090218s19uu xx 00 eng d
050
_a
TR 523.3
_b
Or5 2006
100
_a
Orme, Helen
245
_a
Why does the moon change shape? :
_b
helping to explain our solar system.
999
_c
112939
_d
112939